Statistics for Guess the lyrics (#23)

Click here to take the quiz!

General Stats

  • This quiz has been taken 275 times
  • The average score is 133 of 262

Answer Stats

Answer% Correct
I
99%
a
98%
the
95%
you
93%
And
87%
and
87%
to
86%
go
83%
it
81%
We
81%
in
80%
on
80%
my
78%
My
78%
be
77%
can
76%
what
74%
of
71%
I'm
67%
they
67%
don't
65%
can't
64%
say
62%
too
62%
there
60%
this
59%
all
58%
but
58%
But
58%
Just
58%
just
58%
know
58%
it's
57%
It's
57%
like
57%
as
55%
see
54%
'em
52%
got
52%
Got
52%
man
50%
off
50%
up
50%
Won't
50%
won't
50%
At
49%
gonna
49%
people
49%
"Oh
47%
out
46%
make
44%
hate
43%
that's
43%
That's
43%
mind
42%
never
42%
shake
42%
with
42%
his
41%
nothing
41%
down
40%
Baby,
38%
baby?
38%
haters
38%
stay
38%
come
37%
play
37%
yeah
37%
over
36%
stop,
36%
stop
36%
late
35%
many
35%
right
35%
think,
35%
been
34%
'Cause
34%
keep
34%
players
34%
brain
32%
dates
31%
own
31%
saying
31%
beat
30%
God"
30%
good
30%
new
30%
moving
29%
about
28%
you've
28%
music
27%
She's
26%
least
25%
world,
25%
mm
23%
break
21%
fake
21%
feet
21%
dancing
20%
fakers
20%
girlfriend
20%
hair
20%
ex
19%
fella
19%
gettin'
19%
hella
19%
moves
19%
brought
18%
could've
18%
miss
18%
sick
18%
Heartbreakers
17%
hey
16%
Hey
16%
lightning
16%
dirty
15%
while
15%
cheats
14%
cruising,
14%
liars
13%

Score Distribution

Percentile by Number Answered

Percent of People with Each Score

Your Score History

You have not taken this quiz